000 00232nam a22000857a 4500
008 160625b xxu||||| |||| 00| 0 eng d
100 _91111
_aReader's Digest
245 _aHealth, Fitness and Sports
260 _aBombay
_b Reader's Digest
_c1983
999 _c896
_d896